[Event "Challenge 2"]
[Site "http://www.queenalice.com/game.php?id=1559048"]
[Date "2019.1.31"]
[Round "-"]
[White "daveslops"]
[Black "ichtus"]
[Result "0-1"]
[WhiteElo "1336"]
[BlackElo "2717"]

1. Nh3 d5 2. e3 Bxh3 3. gxh3 e5 4. d4 e4 5. Bg2 Nf6 6. O-O Bd6 7. Bd2 Nc6 8. Na3
a6 9. c3 Bxa3 10. bxa3 Na5 11. Qa4+ c6 12. Rab1 b5 13. Qb4 Nc4 14. Rfd1 a5 15.
Qc5 Qc7 16. Bf1 Nd7 17. Qxc4 bxc4 18. f4 exf3 19. Be1 O-O 20. Rb2 Nf6 21. Rf2
Ne4 22. Rxf3 Rab8 23. Bg3 Nxg3 24. hxg3 Rb2 25. h4 Rfb8 26. h5 Rxa2 27. Rf4 Qe7
28. Re1 Qg5 29. Re2 Qxg3+ 30. Rg2 Rxg2+ 31. Bxg2 Rb2 32. Rf5 Qxg2# 0-1

[Event "Challenge"]
[Site "http://www.queenalice.com/game.php?id=1574756"]
[Date "2019.6.18"]
[Round "-"]
[White "daveslops"]
[Black "josh_hh"]
[Result "0-1"]
[WhiteElo "1311"]
[BlackElo "1192"]

1. d3 g6 2. e3 e6 3. Qf3 Bb4+ 4. Bd2 Bxd2+ 5. Nxd2 a5 6. Be2 a4 7. Nh3 h5 8. O-O
g5 9. Qg3 g4 10. Qe5 Nc6 11. Qxh8 Ke7 12. Qxh5 a3 13. bxa3 gxh3 14. Qxh3 Rxa3
0-1

[Event "Challenge"]
[Site "http://www.queenalice.com/game.php?id=1579798"]
[Date "2019.8.9"]
[Round "-"]
[White "daveslops"]
[Black "josh_hh"]
[Result "1-0"]
[WhiteElo "1290"]
[BlackElo "1209"]

1. e3 e6 2. Be2 Bb4 3. Nh3 c6 4. O-O Bc5 5. d4 Bd6 6. Bd2 Qc7 7. Nf4 g5 8. g3
gxf4 9. exf4 h5 10. h4 f6 11. Bxh5+ Kf8 12. Na3 Qb6 13. Bc3 a5 14. Qd3 c5 15.
Qg6 cxd4 16. Qf7# 1-0

[Event "Challenge"]
[Site "http://www.queenalice.com/game.php?id=1593981"]
[Date "2019.12.24"]
[Round "-"]
[White "daveslops"]
[Black "josh_hh"]
[Result "0-1"]
[WhiteElo "1303"]
[BlackElo "1192"]

1. e3 e6 2. Bd3 Bb4 3. Nh3 c6 4. O-O Bd6 5. Nc3 Qc7 6. f4 e5 7. b3 exf4 8. exf4
Bc5+ 9. Kh1 Nf6 10. Bc4 Ng4 11. Qxg4 f5 12. Qxg7 Rf8 13. Qxh7 b5 14. Re1+ Kd8
15. Qe7+ Bxe7 16. Bd3 Bh4 17. Re2 a5 18. Re5 a4 19. Bxf5 axb3 20. cxb3 Na6 21.
g3 Bxg3 22. hxg3 c5 23. d3 Bb7+ 24. Be4 b4 25. Nd5 Qd6 26. Bb2 c4 27. dxc4 Nc5
28. Ng5 Nxe4 29. Nxe4 Qh6+ 30. Kg2 Rc8 31. a4 Bxd5 32. Rxd5 Qe6 33. Re1 Qg4 34.
Be5 Qf5 35. Nc5 Qc2+ 36. Kf1 Rf5 37. a5 Rh5 38. Re2 Rh1+ 39. Kf2 Rh2+ 40. Kf3
Qc3+ 41. Rd3 Qc1 42. Rxh2 Qf1+ 43. Rf2 Qh1+ 44. Ke3 Rxc5 45. a6 Qe1+ 46. Re2
Qc1+ 47. Kd4 Ra5 48. Bf6+ Kc7 49. g4 Qa1+ 50. Ke4 Qxf6 51. g5 Qe6+ 52. Kf3 Qh3+
53. Ke4 Qh1+ 54. Rf3 Rxa6 55. c5 Qb1+ 56. Kd5 Qd1+ 57. Kc4 Qxe2+ 58. Kxb4 Qxf3
59. f5 Qf4+ 60. Kb5 Ra3 61. f6 Rxb3+ 62. Ka5 Ra3+ 63. Kb5 d5 64. f7 Qxf7 65. c6
d4 66. Kb4 Qe7+ 67. Kc4 d3 68. g6 Qe6+ 69. Kb4 Rb3+ 70. Ka4 d2 71. g7 d1=Q 72.
Ka5 Qa1# 0-1

[Event "Site's Suggest Opponents"]
[Site "http://www.queenalice.com/game.php?id=1598907"]
[Date "2020.2.9"]
[Round "-"]
[White "BobFish"]
[Black "daveslops"]
[Result "1-0"]
[WhiteElo "1675"]
[BlackElo "1283"]

1. e4 e6 2. d4 Bd6 3. e5 Be7 4. Qg4 g6 5. Nf3 h5 6. Qe4 c6 7. Bd3 Rh6 8. Bxh6
Nxh6 9. O-O b5 10. Bxb5 Bb7 11. Bd3 Ba6 12. Bxa6 Nxa6 13. Qd3 Qc8 14. Qd2 Bf8
15. Nc3 Qb7 16. Ne4 Qxb2 17. Rfb1 Qa3 18. Nf6+ Kd8 19. Rb7 Nb4 20. Rxd7+ Kc8 21.
Rb1 a5 22. c3 Nd5 23. Nxd5 cxd5 24. Rbb7 Qa4 25. Rdc7+ Kd8 26. Qg5+ Ke8 27. Re7+
Bxe7 28. Qxe7# 1-0

[Event "josh_hhnn"]
[Site "http://www.queenalice.com/game.php?id=1761604"]
[Date "2021.6.7"]
[Round "1"]
[White "daveslops"]
[Black "swampthing"]
[Result "0-1"]
[WhiteElo "1281"]
[BlackElo "1407"]

1. e3 e5 2. Be2 Nf6 3. Nh3 d5 4. O-O Bd6 5. Na3 Nc6 6. d3 Be6 7. Bd2 d4 8. c3
dxe3 9. Bxe3 e4 10. dxe4 Ng4 11. Bxg4 Qf6 12. Bxe6 fxe6 13. Bg5 Qe5 14. g3 Qxe4
15. Re1 Qf5 16. Kg2 Ne5 17. Qh5+ g6 18. Qh6 Nf3 19. Re2 Qd5 20. Qg7 Ne1+ 21. Kg1
Qg2# 0-1

[Event "josh_hhnn"]
[Site "http://www.queenalice.com/game.php?id=1764181"]
[Date "2021.7.11"]
[Round "2"]
[White "magalhaes_br"]
[Black "daveslops"]
[Result "1-0"]
[WhiteElo "1566"]
[BlackElo "1270"]

1. e4 e5 2. Nf3 Bd6 3. Bc4 Qe7 4. d3 Nf6 5. O-O a6 6. Ng5 h6 7. Nxf7 Rf8 8. Nd2
b5 9. Bb3 Nc6 10. Nxd6+ cxd6 11. Nf3 Nd4 12. Nxd4 exd4 13. a3 h5 14. Bg5 Qe5 15.
f4 Qc5 16. Qe2 Ng4 17. Rac1 g6 18. Bh6 Nxh6 19. c3 dxc3+ 20. Kh1 Qd4 21. bxc3
Qf6 22. e5 dxe5 23. fxe5 Qe6 24. Bxe6 dxe6 25. Rxf8+ Kxf8 26. Qf3+ Nf5 27. Qxa8
Ne7 28. c4 bxc4 29. Rxc4 g5 30. Rxc8+ Nxc8 31. Qxc8+ Kf7 32. Qxa6 g4 33. h3 gxh3
34. gxh3 h4 35. Qb7+ Kg6 36. Qg2+ Kf5 37. Qg4+ Kxe5 38. Qxh4 Kd5 39. a4 e5 40.
Qb4 Ke6 41. a5 Kf5 42. a6 1-0

[Event "Challenge"]
[Site "http://www.queenalice.com/game.php?id=1771579"]
[Date "2021.10.6"]
[Round "-"]
[White "daveslops"]
[Black "josh_hh"]
[Result "1-0"]
[WhiteElo "1246"]
[BlackElo "1178"]

1. e4 e6 2. d3 Bb4+ 3. Bd2 Bc5 4. Nh3 Qh4 5. Be2 Bxf2+ 6. Nxf2 a5 7. O-O a4 8.
Na3 Na6 9. b3 axb3 10. cxb3 Nc5 11. Bb4 Na6 12. Qd2 Nxb4 13. Qxb4 Nf6 14. Rac1
Nxe4 15. Nxe4 h5 16. Rxc7 b6 17. Qxb6 Rxa3 18. Rxc8+ Ke7 19. Rxh8 Rxa2 20. Qc5+
d6 21. Qc7# 1-0

[Event "Challenge"]
[Site "http://www.queenalice.com/game.php?id=1791848"]
[Date "2022.7.2"]
[Round "-"]
[White "daveslops"]
[Black "josh_hh"]
[Result "0-1"]
[WhiteElo "1259"]
[BlackElo "1230"]

1. e4 e6 2. Be2 Be7 3. Nh3 Bh4 4. O-O f5 5. d3 fxe4 6. dxe4 Bxf2+ 7. Nxf2 Nf6 8.
c4 Nxe4 9. Nxe4 c6 10. b3 Qb6+ 0-1

[Event "josh_hhvvv"]
[Site "http://www.queenalice.com/game.php?id=1793035"]
[Date "2022.7.23"]
[Round "1"]
[White "daveslops"]
[Black "swampthing"]
[Result "0-1"]
[WhiteElo "1242"]
[BlackElo "1421"]

1. e3 e6 2. Be2 d5 3. Nh3 c6 4. O-O Bd6 5. d4 Ne7 6. Qd3 Nd7 7. Bd2 Qb6 8. b3 c5
9. Nc3 c4 10. bxc4 dxc4 11. Qxc4 Nf6 12. Rab1 Qa5 13. Qb5+ Nc6 14. Qxa5 Nxa5 15.
Nb5 Ne4 16. Bxa5 Be7 17. Nc7+ Kd8 18. Nxa8+ b6 19. f3 Nf6 20. Bb4 Bb7 21. Bxe7+
Kxe7 22. Nc7 Rc8 23. Nb5 Rxc2 24. Nf4 g5 25. Bd3 Rxa2 26. Rfc1 gxf4 27. Rc7+ Kf8
28. Rxb7 fxe3 29. Re1 Rd2 30. Rxe3 Rd1+ 31. Kf2 Rd2+ 32. Kg3 Nh5+ 33. Kg4 Nf6+
34. Kh3 Nd5 35. Rb8+ Kg7 36. Re2 Rxd3 37. Nxa7 Nf4+ 38. Kg3 Nxe2+ 39. Kf2 Nxd4
40. Rd8 Rd2+ 41. Ke3 Ra2 42. Kxd4 Rd2+ 43. Ke5 Rxd8 44. Nc6 Rd5+ 45. Ke4 f5+ 46.
Kf4 Kf6 47. g4 e5+ 48. Kg3 f4+ 49. Kh4 Rd3 50. g5+ Kg7 51. Nxe5 Re3 52. Nc4 Rxf3
53. Nxb6 Kg6 54. Kg4 Rf2 55. h4 Rb2 56. Nc4 Rb3 57. Ne5+ Kg7 58. Kxf4 Rh3 59.
Kg4 Re3 60. Nf3 Kg6 61. h5+ Kg7 62. h6+ Kf7 63. Nh4 Ke6 0-1

[Event "josh_hh22"]
[Site "http://www.queenalice.com/game.php?id=1819188"]
[Date "2023.8.20"]
[Round "1"]
[White "daveslops"]
[Black "swampthing"]
[Result "1-0"]
[WhiteElo "1231"]
[BlackElo "1440"]

1. e3 e5 2. Be2 Nf6 3. Nf3 Nc6 4. O-O d5 5. b3 Bd6 6. Ba3 Be6 7. Bxd6 cxd6 8.
Bb5 Qc7 9. c4 a6 10. Bxc6+ bxc6 11. Ng5 Bg4 12. f3 Bf5 13. Nc3 dxc4 14. bxc4 h6
15. Nge4 Rb8 16. Nxf6+ gxf6 17. Ne4 Qe7 18. Qa4 Rb6 19. Rab1 Rxb1 20. Rxb1 Qc7
21. Qxa6 O-O 22. Rb7 Qc8 23. Nxf6+ Kg7 24. Nh5+ Kg6 25. g4 Qa8 26. Qxa8 Rxa8 27.
e4 Rxa2 28. exf5+ Kg5 29. Rxf7 Rxd2 30. Rg7+ Kh4 31. f6 Rd1+ 32. Kf2 Rd2+ 33.
Ke3 Rxh2 34. f7 1-0

[Event "Challenge"]
[Site "http://www.queenalice.com/game.php?id=1821324"]
[Date "2023.9.21"]
[Round "-"]
[White "Canaye14"]
[Black "daveslops"]
[Result "1-0"]
[WhiteElo "1711"]
[BlackElo "1233"]

1. e4 e6 2. Nc3 Bd6 3. d4 Nh6 4. Nf3 O-O 5. Bxh6 gxh6 6. Qd2 f5 7. e5 Bb4 8. a3
Bxc3 9. Qxc3 c6 10. O-O-O b5 11. b4 1-0

[Event "Challenge"]
[Site "http://www.queenalice.com/game.php?id=1825537"]
[Date "2023.11.20"]
[Round "-"]
[White "daveslops"]
[Black "josh_hh"]
[Result "1-0"]
[WhiteElo "1285"]
[BlackElo "1223"]

1. e3 g6 2. Be2 Bg7 3. Nh3 Bf6 4. O-O Be5 5. d4 Bf6 6. b3 Bh4 7. Ba3 Bxf2+ 8.
Nxf2 h5 9. c4 g5 10. Bxh5 Nf6 11. Bf3 g4 12. Bxg4 a5 13. d5 a4 14. bxa4 e6 15.
dxe6 fxe6 16. Nc3 Nxg4 17. Nxg4 Rf8 18. Rxf8# 1-0

[Event "josh_hh22"]
[Site "http://www.queenalice.com/game.php?id=1827266"]
[Date "2023.12.15"]
[Round "3"]
[White "daveslops"]
[Black "ChrisBidlack"]
[Result "0-1"]
[WhiteElo "1299"]
[BlackElo "1787"]

1. e3 e5 2. Be2 Nc6 3. Nh3 h6 4. O-O d6 5. Bg4 Nf6 6. Bxc8 Qxc8 7. d4 g5 8. f4
g4 9. Nf2 Qf5 10. c3 h5 11. h3 h4 12. e4 Qd7 13. f5 gxh3 14. Nxh3 Nxe4 15. Qg4
Nf6 16. Qf3 e4 17. Qf4 Bh6 18. Qxh4 Be3+ 19. Qf2 Bxf2+ 0-1